Visualizzazione normale
Vista MARC
- Desouche, Marie Therese,
di Personal Name
Records bibliografici associati: 1
001 - CONTROL NUMBER
- control field: 54810
003 - CONTROL NUMBER IDENTIFIER
- control field: IT-RoINE
005 - DATE AND TIME OF LATEST TRANSACTION
- control field: 20181127053539.0
008 - FIXED-LENGTH DATA ELEMENTS
- fixed length control field: 181127|| aca||aabn | a|a d
040 ## - CATALOGING SOURCE
- Original cataloging agency: IT-RoINE
- Transcribing agency: IT-RoINE
100 ## - HEADING--PERSONAL NAME
- Personal name: Desouche, Marie Therese,
- Dates associated with a name: 1945-
670 ## - SOURCE DATA FOUND
- Source citation: Work cat.: (IT-RoINE)0: Desouche, Marie Therese, 1945-, Le Christ dans l'histoire selon le pape Pie XI :, 2008.